000 00332nam a2200097Ia 4500
008 180130s9999 xx 000 0 und d
245 _cMartindale, Amanda; Collins, Dave
_aReflective practice
260 _c2015
300 _aBook title: Practical sports coaching--Acession number C20229; pages 223-241
650 _aCOACHING (ATHLETICS)
999 _c354574
_d354574